[Event "EU-ch Rapid (Women)"]
[Site "Monaco"]
[Date "2024.01.13"]
[Round "1"]
[White "Bensdorp, Marlies"]
[Black "Prochaieva, Alina"]
[Result "1-0"]
[WhiteElo "2237"]
[BlackElo "1974"]
[PlyCount "103"]
[EventDate "2024.01.13"]
[EventType "swiss (rapid)"]
[EventRounds "11"]
[EventCountry "MNC"]
[SourceTitle "CB03_2024"]
[SourceDate "2024.01.17"]
[SourceVersion "1"]
[SourceVersionDate "2024.01.17"]
[SourceQuality "1"]

1. d4 Nf6 2. c4 e6 3. Nf3 b6 4. g3 Bb7 5. Bg2 Bb4+ 6. Nbd2 0-0 7. 0-0 Bxd2 8. Bxd2 d6 9. b4 c5 10. bxc5 bxc5 11. dxc5 dxc5 12. Be3 Nbd7 13. Rb1 Be4 14. Rb5 a6 15. Rb2 Qa5 16. Qc1 Rab8 17. Bf4 Rxb2 18. Qxb2 Qa4 19. Rc1 Qc6 20. Rc3 Rd8 21. h3 h6 22. Rb3 Nh5 23. Bd2 Qc7 24. Kh2 Nhf6 25. Bc3 Kh7 26. Qa3 Qc6 27. Qa5 Ra8 28. Rb2 Kg8 29. Kg1 Kh7 30. Rb3 Kg8 31. Bb2 Kh7 32. Bf1 Ne8 33. Nd2 Bc2 34. Bg2 Qd6 35. Bxa8 Bxb3 36. axb3 Nb6 37. Be4+ Kg8 38. Ba3 Nd7 39. Bg2 Nef6 40. b4 Qxd2 41. Qd8+ Kh7 42. bxc5 Qe1+ 43. Kh2 Qxf2 44. c6 Ne4 45. Qc7 Nd2 46. cxd7 Nf1+ 47. Kh1 Nxg3+ 48. Qxg3 Qxg3 49. d8Q Qe1+ 50. Kh2 Qxe2 51. Qd4 g6 52. Bb2 1-0

[Event "EU-ch Blitz (Women)"]
[Site "Monaco"]
[Date "2024.01.12"]
[Round "1"]
[White "Prochaieva, Alina"]
[Black "Navrotescu, Andreea Cristiana"]
[Result "1-0"]
[WhiteElo "1974"]
[BlackElo "2222"]
[PlyCount "90"]
[EventDate "2024.01.12"]
[EventType "swiss (blitz)"]
[EventRounds "13"]
[EventCountry "MNC"]
[SourceTitle "CB03_2024"]
[SourceDate "2024.01.17"]
[SourceVersion "1"]
[SourceVersionDate "2024.01.17"]
[SourceQuality "1"]

1. d4 d5 2. Nf3 c6 3. c4 Nf6 4. Nc3 e6 5. cxd5 exd5 6. Bg5 Be7 7. Qc2 g6 8. e3 Bf5 9. Bd3 Bxd3 10. Qxd3 0-0 11. Ne5 Ne4 12. Bxe7 Qxe7 13. 0-0 f6 14. Nf3 Nd7 15. Rac1 Rae8 16. Rfd1 Kg7 17. Ne2 h5 18. Rb1 g5 19. b4 b5 20. Rbc1 Qd6 21. a3 Nb6 22. Ne1 Nc4 23. Qb3 Nxf2 24. Kxf2 Rxe3 25. Qc2 Rfe8 26. Ng3 Qf4+ 27. Kg1 Nd6 28. Nxh5+ Kf7 29. Nxf4 gxf4 30. Qh7+ Ke6 31. Nf3 Re7 32. Qh5 Kd7 33. Re1 Nc4 34. Rxe3 fxe3 35. Qf5+ Re6 36. Re1 Ke7 37. Nh4 Nd6 38. Qh7+ Kd8 39. Qg8+ Kd7 40. Ng6 Re8 41. Qg7+ Ke6 42. Nf4+ Kf5 43. Nd3 Re4 44. Qd7+ Re6 45. g4+ Ke4 1-0

[Event "ESP-ch 88th"]
[Site "Marbella"]
[Date "2023.10.16"]
[Round "4"]
[White "Bermejo Martinez, Jorge"]
[Black "Prochaieva, Alina"]
[Result "1/2-1/2"]
[WhiteElo "2204"]
[BlackElo "1839"]
[PlyCount "90"]
[EventDate "2023.10.13"]
[EventType "swiss"]
[EventRounds "9"]
[EventCountry "ESP"]
[SourceTitle "Mega2024 Update 01"]
[Source "Chessbase"]
[SourceDate "2023.11.12"]
[SourceVersion "1"]
[SourceVersionDate "2023.11.12"]
[SourceQuality "1"]

1. e4 c5 2. Nc3 e6 3. Nge2 a6 4. g3 Qc7 5. Bg2 b5 6. 0-0 Bb7 7. d4 cxd4 8. Nxd4 d6 9. Re1 b4 10. Nd5 exd5 11. exd5+ Kd8 12. Bg5+ Be7 13. Qh5 Bf6 14. Re2 Bc8 15. Rae1 Qd7 16. Bh3 Qxh3 17. Qxf7 Bd7 18. Ne6+ Kc8 19. Qf8+ Kb7 20. Bxf6 Nxf6 21. Qxh8 Ng4 22. f3 Nxh2 23. Kf2 Qf5 24. Qxg7 Qxf3+ 25. Kg1 Ng4 26. Rg2 Ne3 27. Rf2 Qe4 28. Rfe2 Qxd5 29. Rxe3 Ra7 30. Rd3 Qf5 31. Rxd6 Ka8 32. Qd4 Bc6 33. Qf4 Qh3 34. Rxc6 Nxc6 35. Qf3 Rb7 36. Qxc6 Qxg3+ 37. Kf1 Kb8 38. Qe8+ Ka7 39. Qf8 Qh3+ 40. Kg1 Qg3+ 41. Kf1 Qh3+ 42. Kf2 Qh4+ 43. Ke2 Qe4+ 44. Kf1 Qh1+ 45. Kf2 Qh4+ 1/2-1/2

[Event "ESP-chT Rapid"]
[Site "Ubeda"]
[Date "2023.09.23"]
[Round "1.4"]
[White "Prochaieva, Alina"]
[Black "Castellanos Rodriguez, Renier"]
[Result "1-0"]
[WhiteElo "1839"]
[BlackElo "2487"]
[PlyCount "178"]
[EventDate "2023.09.23"]
[EventType "team-swiss (rapid)"]
[EventRounds "9"]
[EventCountry "ESP"]
[SourceTitle "EXT 2024"]
[Source "ChessBase"]
[SourceDate "2023.10.10"]
[SourceVersion "1"]
[SourceVersionDate "2023.10.10"]
[SourceQuality "1"]
[WhiteTeam "Gijon 64"]
[BlackTeam "Andreu Paterna"]
[WhiteTeamCountry "ESP"]
[BlackTeamCountry "ESP"]

1. c4 e5 2. Nc3 Nc6 3. e4 Bc5 4. g3 d6 5. Bg2 a6 6. d3 h5 7. h3 Nge7 8. Nge2 Be6 9. 0-0 Qd7 10. Kh2 h4 11. g4 Ng6 12. f4 exf4 13. d4 Ba7 14. d5 Nce5 15. dxe6 Qxe6 16. Nd5 0-0-0 17. Nexf4 Nxf4 18. Bxf4 c6 19. Ne3 Ng6 20. Qf3 Qf6 21. Nf5 Nxf4 22. Qxf4 g6 23. g5 Qxb2 24. Nxd6+ Rxd6 25. Rab1 Qc3 26. Qxf7 Rd7 27. Qf6 Bd4 28. Qf3 Be5+ 29. Kh1 Qxc4 30. a3 Qe6 31. Qb3 Qe7 32. Qe3 Rhd8 33. Qc1 Rd2 34. Qc4 Qxg5 35. Qe6+ Kc7 36. Rf7+ R8d7 37. Rxd7+ Rxd7 38. Rxb7+ Kxb7 39. Qxd7+ Kb6 40. Qd3 Qc1+ 41. Bf1 Qf4 42. Qxa6+ Kc7 43. Qe2 Qg3 44. a4 c5 45. Qg2 Qf4 46. Qe2 Bd4 47. a5 Qg5 48. Bg2 Qc1+ 49. Bf1 Qg5 50. Bg2 Qg3 51. a6 Qa3 52. Bf1 Be5 53. Bg2 Qa1+ 54. Bf1 Qa3 55. Bg2 Qa1+ 56. Bf1 Kd6 57. Qd3+ Ke7 58. Qe2 Qa3 59. Bg2 Qg3 60. Bf1 Bb8 61. Qg2 Qe5 62. Qe2 c4 63. Qg2 c3 64. Bd3 Qf4 65. Bc2 Qc1+ 66. Qg1 Qxc2 67. Qg5+ Kf7 68. Qd5+ Kg7 69. Qb7+ Kh6 70. Qxb8 Qxe4+ 71. Kh2 Qe2+ 72. Kg1 c2 73. Qf4+ Kh5 74. a7 Qe1+ 75. Kg2 Qe2+ 76. Kg1 c1Q+ 77. Qxc1 Qa6 78. Qc5+ g5 79. Qd4 Qc8 80. Qd1+ Kh6 81. Qd6+ Kg7 82. Qe5+ Kh6 83. Qd6+ Kg7 84. Qd4+ Kh6 85. Qb6+ Kg7 86. Qb2+ Kg6 87. Qb6+ Kg7 88. Qd4+ Kg6 89. Qe4+ Kg7 1-0

[Event "ESP-ch Rapid"]
[Site "Linares"]
[Date "2023.08.19"]
[Round "1"]
[White "Fernandez Borrego, Pablo"]
[Black "Prochaieva, Alina"]
[Result "1-0"]
[WhiteElo "2410"]
[BlackElo "1839"]
[PlyCount "51"]
[EventDate "2023.08.19"]
[EventType "swiss (rapid)"]
[EventRounds "10"]
[EventCountry "ESP"]
[SourceTitle "CBM 215 Extra"]
[Source "ChessBase"]
[SourceDate "2023.09.30"]
[SourceVersion "1"]
[SourceVersionDate "2023.09.30"]
[SourceQuality "1"]

1. e4 c5 2. Nf3 e6 3. d4 cxd4 4. Nxd4 a6 5. Nc3 Qc7 6. g3 b5 7. Bg2 b4 8. Na4 Bb7 9. 0-0 Nf6 10. Re1 d6 11. c3 bxc3 12. Nxc3 Be7 13. Be3 Nbd7 14. Rc1 Rc8 15. Nd5 Qd8 16. Rxc8 Bxc8 17. Nc6 Nxd5 18. Nxd8 Nxe3 19. Rxe3 Kxd8 20. Rc3 Bb7 21. Qb3 Nc5 22. Rxc5 dxc5 23. Qxb7 Re8 24. e5 Bf8 25. Bc6 Re7 26. Qb8# 1-0

[Event "ESP-chT CECLUB Div2"]
[Site "Linares"]
[Date "2023.08.18"]
[Round "7.30"]
[White "Prochaieva, Alina"]
[Black "Sanjuan Garcia, Miguel"]
[Result "1/2-1/2"]
[WhiteElo "1839"]
[BlackElo "1924"]
[PlyCount "95"]
[EventDate "2023.08.13"]
[EventType "team-swiss"]
[EventRounds "7"]
[EventCountry "ESP"]
[SourceTitle "EXT 2024"]
[Source "ChessBase"]
[SourceDate "2023.10.10"]
[SourceVersion "1"]
[SourceVersionDate "2023.10.10"]
[SourceQuality "1"]
[WhiteTeam "Gijon 64"]
[BlackTeam "Marbella Metro"]
[WhiteTeamCountry "ESP"]
[BlackTeamCountry "ESP"]

1. d4 Nf6 2. Nf3 g6 3. c4 Bg7 4. g3 0-0 5. Bg2 d6 6. 0-0 Ne4 7. Nbd2 Nxd2 8. Bxd2 e5 9. dxe5 dxe5 10. Bc3 Qe7 11. Qb3 Nc6 12. Rfd1 a5 13. Qb5 Ra7 14. a3 a4 15. b3 axb3 16. Qxb3 Be6 17. Qb5 f6 18. a4 Rfa8 19. e3 Qf7 20. Nd2 Ne7 21. a5 c6 22. Qb4 Bf8 23. Qb2 Bxc4 24. f4 exf4 25. exf4 Bd5 26. Ne4 Bxe4 27. Bxe4 Bg7 28. Bg2 Nf5 29. Qf2 Bf8 30. Rab1 Qc4 31. Bd4 Nxd4 32. Rxd4 Qc3 33. Qa2+ Kh8 34. Rd7 b5 35. Qe6 Rxd7 36. Qxd7 Bc5+ 37. Kh1 Rxa5 38. Qe8+ Kg7 39. Qd7+ Kh6 40. Qh3+ Kg7 41. Qd7+ Kh6 42. Qh3+ Kg7 43. Qd7+ Kh6 44. Qh3+ Kg7 45. Qd7+ Kg8 46. Qe6+ Kf8 47. Qc8+ Kf7 48. Qxc6 1/2-1/2

[Event "ESP-chT CECLUB Div2"]
[Site "Linares"]
[Date "2023.08.14"]
[Round "2.20"]
[White "Prochaieva, Alina"]
[Black "Escobar Felix, Eduardo"]
[Result "1-0"]
[WhiteElo "1839"]
[BlackElo "2025"]
[PlyCount "108"]
[EventDate "2023.08.13"]
[EventType "team-swiss"]
[EventRounds "7"]
[EventCountry "ESP"]
[SourceTitle "EXT 2024"]
[Source "ChessBase"]
[SourceDate "2023.10.10"]
[SourceVersion "1"]
[SourceVersionDate "2023.10.10"]
[SourceQuality "1"]
[WhiteTeam "Gijon 64"]
[BlackTeam "Casareno iAcere"]
[WhiteTeamCountry "ESP"]
[BlackTeamCountry "ESP"]

1. d4 Nf6 2. Nf3 d5 3. c4 e6 4. Nc3 Be7 5. Bg5 0-0 6. e3 b6 7. cxd5 Nxd5 8. Bxe7 Qxe7 9. Nxd5 exd5 10. Rc1 Bb7 11. Bd3 g6 12. 0-0 c5 13. b3 Nc6 14. Be2 Rfd8 15. Qd2 Rac8 16. Rc3 Nb8 17. Rfc1 Nd7 18. Qc2 Nf6 19. Qb2 Ne4 20. R3c2 Re8 21. Bd3 f6 22. dxc5 Nxc5 23. Be2 Ne4 24. Nd4 Rxc2 25. Rxc2 Rc8 26. b4 Rxc2 27. Nxc2 Qe5 28. Nd4 h5 29. h3 Kg7 30. Qa3 Qb8 31. Nb5 a6 32. Nd4 Qc8 33. b5 Nc5 34. Qb4 a5 35. Qc3 Ne4 36. Qxc8 Bxc8 37. Bd3 Nc3 38. a3 Na4 39. Bb1 Bd7 40. Kf1 Kf7 41. Ke1 g5 42. Kd2 Nb2 43. Ba2 Be6 44. e4 Nc4+ 45. Bxc4 dxc4 46. Kc3 Bd7 47. Kxc4 Ke7 48. Kd5 h4 49. Nc6+ Ke8 50. Kd6 g4 51. hxg4 Bxg4 52. f3 h3 53. gxh3 Bxf3 54. e5 Bg4 1-0

[Event "ESP-ch U14 rapid"]
[Site "Salobrena"]
[Date "2023.07.22"]
[Round "1"]
[White "Llorente Bombin, Guillermo"]
[Black "Prochaieva, Alina"]
[Result "0-1"]
[WhiteElo "1276"]
[BlackElo "1732"]
[PlyCount "111"]
[EventDate "2023.07.22"]
[EventType "swiss (rapid)"]
[EventRounds "9"]
[EventCountry "ESP"]
[SourceTitle "EXT 2024"]
[Source "ChessBase"]
[SourceDate "2023.10.10"]
[SourceVersion "1"]
[SourceVersionDate "2023.10.10"]
[SourceQuality "1"]

1. d4 Nf6 2. Bf4 e6 3. e3 c5 4. c3 b6 5. Nd2 Be7 6. Ngf3 0-0 7. Bd3 Ba6 8. Qe2 Qc8 9. Bxb8 Bxd3 10. Qxd3 Rxb8 11. 0-0 b5 12. Ne4 c4 13. Nxf6+ Bxf6 14. Qe2 a5 15. Nd2 d5 16. e4 b4 17. Rab1 Re8 18. Rfe1 e5 19. exd5 exd4 20. Qxe8+ Qxe8 21. Rxe8+ Rxe8 22. cxd4 c3 23. bxc3 bxc3 24. Nf3 c2 25. Rf1 Rc8 26. Rc1 Rb8 27. Nd2 Bg5 28. Rxc2 Bxd2 29. g3 Bb4 30. Kg2 Rd8 31. Kf3 Rxd5 32. Ke4 Rd8 33. f4 g6 34. g4 Kf8 35. Rc7 Re8+ 36. Kf3 Bd6 37. Ra7 Bb4 38. a3 Bxa3 39. Rxa5 Bb2 40. d5 Rc8 41. h4 Rc7 42. h5 Ke7 43. Ke4 Rc4+ 44. Kf3 Kd6 45. Ra7 Rc3+ 46. Ke4 Rc4+ 47. Kf3 f5 48. gxf5 gxf5 49. Rf7 Rc3+ 50. Ke2 Kxd5 51. Rxf5+ Ke4 52. Rf7 Rc2+ 53. Kd1 Rh2 54. Rxh7 Kd3 55. Rd7+ Bd4 56. Re7 0-1

[Event "ESP-ch U14 rapid"]
[Site "Salobrena"]
[Date "2023.07.22"]
[Round "2"]
[White "Prochaieva, Alina"]
[Black "Vilarino Lorenzo, Uxio"]
[Result "1-0"]
[WhiteElo "1732"]
[BlackElo "1446"]
[PlyCount "67"]
[EventDate "2023.07.22"]
[EventType "swiss (rapid)"]
[EventRounds "9"]
[EventCountry "ESP"]
[SourceTitle "EXT 2024"]
[Source "ChessBase"]
[SourceDate "2023.10.10"]
[SourceVersion "1"]
[SourceVersionDate "2023.10.10"]
[SourceQuality "1"]

1. d4 d6 2. Nf3 Nf6 3. c4 Nc6 4. Nc3 e5 5. e4 Bg4 6. d5 Ne7 7. Qb3 Qc8 8. Be3 Bxf3 9. gxf3 c6 10. c5 cxd5 11. Nb5 Ng6 12. cxd6 d4 13. Nc7+ Kd7 14. Qxf7+ Kxd6 15. Nb5+ Kc6 16. Rc1+ Bc5 17. b4 b6 18. bxc5 bxc5 19. Nxa7+ Rxa7 20. Qxa7 Kd6 21. Bd2 Nh4 22. Ke2 Qc6 23. Qxg7 Qb5+ 24. Kd1 Qa4+ 25. Rc2 Nh5 26. Qxh8 Qa3 27. Qf8+ Kc6 28. Qe8+ Kd6 29. Qxh5 Nxf3 30. Qh6+ Kc7 31. Qxh7+ Kd6 32. Qg6+ Kc7 33. Qf7+ Kd6 34. Qd5+ 1-0

[Event "ESP-ch U12 Rapid"]
[Site "Salobrena"]
[Date "2022.07.17"]
[Round "7"]
[White "Gutierrez Toro, Raul"]
[Black "Prochaieva, Alina"]
[Result "0-1"]
[WhiteElo "1371"]
[BlackElo "1459"]
[PlyCount "85"]
[EventDate "2022.07.09"]
[EventType "swiss (rapid)"]
[EventRounds "9"]
[EventCountry "ESP"]
[SourceTitle "EXT 2023"]
[Source "ChessBase"]
[SourceDate "2022.10.05"]
[SourceVersion "1"]
[SourceVersionDate "2022.10.05"]
[SourceQuality "1"]

1. e4 c5 2. Nc3 e6 3. g3 Nc6 4. Bg2 g6 5. d3 Bg7 6. f4 d6 7. Nf3 Nge7 8. 0-0 0-0 9. Be3 Nd4 10. Qd2 Rb8 11. Rab1 b5 12. Ne2 Nxe2+ 13. Qxe2 b4 14. d4 Qc7 15. c3 bxc3 16. bxc3 cxd4 17. cxd4 Bd7 18. Rfc1 Qa5 19. Qd2 Qxd2 20. Nxd2 Nc6 21. e5 d5 22. Nb3 Rfc8 23. Bf1 Bf8 24. Bd2 Ba3 25. Rd1 Ne7 26. Bc1 Bxc1 27. Rdxc1 Nf5 28. Bd3 Ne3 29. Kf2 Nc4 30. Nc5 Bb5 31. a4 Na3 32. Rxb5 Nxb5 33. Bxb5 Rc7 34. Rc2 Ra8 35. Rb2 Kf8 36. Ke2 Ke7 37. Kd3 f6 38. Rc2 fxe5 39. dxe5 h6 40. Kd4 g5 41. Rf2 Rf8 42. Bd3 gxf4 43. Rxf4 0-1

[Event "ESP-ch U12 Rapid"]
[Site "Salobrena"]
[Date "2022.07.16"]
[Round "4"]
[White "Prochaieva, Alina"]
[Black "Lopez Martinez, Jaime"]
[Result "0-1"]
[WhiteElo "1459"]
[BlackElo "1326"]
[PlyCount "116"]
[EventDate "2022.07.09"]
[EventType "swiss (rapid)"]
[EventRounds "9"]
[EventCountry "ESP"]
[SourceTitle "EXT 2023"]
[Source "ChessBase"]
[SourceDate "2022.10.05"]
[SourceVersion "1"]
[SourceVersionDate "2022.10.05"]
[SourceQuality "1"]

1. d4 Nf6 2. Nf3 d5 3. c4 e6 4. Nc3 c5 5. cxd5 exd5 6. dxc5 Bxc5 7. e3 Nc6 8. Be2 h6 9. 0-0 0-0 10. b3 Bf5 11. Bb2 a6 12. Rc1 Ba7 13. Na4 Ne4 14. Bxa6 Bxe3 15. fxe3 Rxa6 16. Nd4 Bg6 17. Nf5 f6 18. Qg4 Qe8 19. Rcd1 h5 20. Qe2 Qe6 21. Nd4 Qd7 22. a3 Re8 23. Rde1 Nxd4 24. Bxd4 b5 25. Nc5 Nxc5 26. Bxc5 Qb7 27. Qd2 Be4 28. Qd4 Rc8 29. Ra1 Rac6 30. b4 Ra6 31. Ra2 Rca8 32. Rfa1 Qd7 33. Qd2 Qg4 34. Bd4 h4 35. Bc5 h3 36. Qf2 Bxg2 37. Qg3 Qxg3 38. hxg3 Kf7 39. Bd4 Ke6 40. Bb2 Kf5 41. Re1 Kg4 42. Kh2 Re6 43. Bd4 Re4 44. Raa1 Rae8 45. Rac1 Kf3 46. Rb1 Kf2 47. Red1 Rc8 48. Rd2+ Kf3 49. Rbb2 Rc1 50. Rf2+ Kg4 51. Rxg2 hxg2 52. Kxg2 Ra1 53. Rb3 Ra2+ 54. Kf1 Kf3 55. Ke1 Kxg3 56. Rc3 Kf3 57. Rc5 Rh4 58. Rxd5 Rh1# 0-1

[Event "ESP-ch U12"]
[Site "Salobrena"]
[Date "2022.07.15"]
[Round "8"]
[White "Prochaieva, Alina"]
[Black "Lopez Martinez, Jaime"]
[Result "0-1"]
[WhiteElo "1585"]
[BlackElo "1750"]
[PlyCount "100"]
[EventDate "2022.07.04"]
[EventType "swiss"]
[EventRounds "9"]
[EventCountry "ESP"]
[SourceTitle "EXT 2023"]
[Source "ChessBase"]
[SourceDate "2022.10.05"]
[SourceVersion "1"]
[SourceVersionDate "2022.10.05"]
[SourceQuality "1"]

1. d4 Nf6 2. Nf3 d5 3. c4 e6 4. Nc3 c5 5. cxd5 exd5 6. dxc5 Bxc5 7. e3 Nc6 8. Be2 0-0 9. 0-0 h6 10. b3 Bf5 11. Bb2 a6 12. Rc1 Ba7 13. h3 Bg6 14. a3 Qd6 15. g3 Bf5 16. Kg2 Qe6 17. Rh1 Rfd8 18. Nd4 Nxd4 19. exd4 Rac8 20. Bf3 b5 21. Qd2 Rc7 22. g4 Be4 23. Qf4 Bb8 24. Qe3 Nxg4 25. Qe2 Qg6 26. Bxe4 Ne3+ 27. Kf3 dxe4+ 28. Kxe3 Qg5+ 29. f4 Rxc3+ 30. Kd2 Bxf4+ 31. Kxc3 Rc8+ 32. Kb4 Bd2+ 33. Rc3 Qe7+ 34. Ka5 Qc7+ 35. Kb4 a5+ 36. Kxb5 Rb8+ 37. Ka4 Bxc3 38. Bxc3 Qxc3 39. Qc4 Qf3 40. Rf1 Qh5 41. Re1 Qf5 42. b4 axb4 43. axb4 Ra8+ 44. Kb3 Qxh3+ 45. Kb2 Qa3+ 46. Kc2 Qh3 47. Kb2 Rc8 48. Qe2 Qc3+ 49. Kb1 Qxb4+ 50. Ka2 Ra8+ 0-1

[Event "ESP-ch States U14"]
[Site "Isla"]
[Date "2022.06.23"]
[Round "1"]
[White "Prieto Rol, Esther"]
[Black "Prochaieva, Alina"]
[Result "0-1"]
[WhiteElo "1261"]
[BlackElo "1543"]
[PlyCount "152"]
[EventDate "2022.06.23"]
[EventType "swiss"]
[EventRounds "6"]
[EventCountry "ESP"]
[SourceTitle "EXT 2023"]
[Source "ChessBase"]
[SourceDate "2022.10.05"]
[SourceVersion "1"]
[SourceVersionDate "2022.10.05"]
[SourceQuality "1"]

1. d4 Nf6 2. Bf4 e6 3. e3 c5 4. Nf3 b6 5. c3 Be7 6. Bd3 Ba6 7. 0-0 Qc8 8. Re1 Bxd3 9. Qxd3 Qa6 10. Qxa6 Nxa6 11. Nbd2 0-0 12. h3 b5 13. a3 Nd5 14. Bh2 Rac8 15. a4 b4 16. c4 Nf6 17. b3 d5 18. Rac1 cxd4 19. Nxd4 dxc4 20. Rxc4 Rxc4 21. Nxc4 Nd5 22. Nc6 Bc5 23. N6e5 Rc8 24. Rd1 f6 25. Nf3 Nac7 26. e4 Nc3 27. Rd7 e5 28. Kf1 Nxe4 29. Bg1 Ne6 30. Nfd2 Nc3 31. f3 Bxg1 32. Kxg1 Rc7 33. Rxc7 Nxc7 34. Na5 Ne2+ 35. Kf2 Nd4 36. Ke3 Kf7 37. Kd3 Ke6 38. Kc4 Nd5 39. g3 f5 40. Nb7 Nc6 41. Kc5 Nde7 42. Nc4 e4 43. f4 h6 44. Ne3 g5 45. h4 gxf4 46. gxf4 h5 47. Kb5 Nd4+ 48. Kxb4 Nd5+ 49. Nxd5 Kxd5 50. Nc5 Nc2+ 51. Kc3 Kxc5 52. Kxc2 Kb4 53. Kb2 a5 54. Kc2 e3 55. Kd3 e2 56. Kxe2 Kxb3 57. Kd3 Kxa4 58. Kc4 Ka3 59. Kc3 a4 60. Kc2 Kb4 61. Kb2 Kc4 62. Ka3 Kd4 63. Kxa4 Ke4 64. Kb4 Kxf4 65. Kc4 Ke3 66. Kd5 f4 67. Ke5 f3 68. Kf5 f2 69. Kg5 f1Q 70. Kxh5 Qf8 71. Kg6 Qh8 72. h5 Kf4 73. h6 Ke5 74. h7 Ke6 75. Kh6 Kf5 76. Kh5 Qxh7# 0-1

[Event "EU-ch Hybrid U12 Girls"]
[Site "Tornelo INT"]
[Date "2021.10.15"]
[Round "6"]
[White "Prochaieva, Alina"]
[Black "Konkol, Sandra"]
[Result "1-0"]
[WhiteElo "1354"]
[BlackElo "1468"]
[PlyCount "75"]
[EventDate "2021.10.15"]
[EventType "swiss"]
[EventRounds "9"]
[EventCountry "NET"]
[SourceTitle "EXT 2023"]
[Source "ChessBase"]
[SourceDate "2022.10.05"]
[SourceVersion "1"]
[SourceVersionDate "2022.10.05"]
[SourceQuality "1"]
[WhiteTeam "Ukraine"]
[BlackTeam "Poland"]
[WhiteTeamCountry "UKR"]
[BlackTeamCountry "POL"]

1. d4 d6 2. Nf3 Bg4 3. e3 Nd7 4. c4 e5 5. Be2 Ngf6 6. 0-0 Be7 7. Nc3 0-0 8. Qc2 Re8 9. h3 Bh5 10. Rd1 Bf8 11. d5 e4 12. Nd4 Bxe2 13. Ncxe2 Nc5 14. Nf4 Nfd7 15. b4 g5 16. bxc5 gxf4 17. exf4 dxc5 18. Ne2 Bg7 19. Rb1 Rb8 20. Rb3 a6 21. a4 Nf6 22. Rg3 h6 23. f5 Nh5 24. Rg4 Nf6 25. Rg3 Nh5 26. Re3 Qe7 27. Ng3 Nxg3 28. Rxg3 Kh7 29. Qe2 Be5 30. Rg4 c6 31. dxc6 bxc6 32. Qe3 Bg7 33. Rxg7+ Kxg7 34. Qxh6+ Kg8 35. f6 Qf8 36. Qg5+ Kh7 37. Qh5+ Kg8 38. Bh6 1-0

[Event "Kiev Spring op"]
[Site "Kiev"]
[Date "2021.07.16"]
[Round "8"]
[White "Prochaieva, Alina"]
[Black "Koshel, Stanislav"]
[Result "0-1"]
[WhiteElo "1360"]
[BlackElo "1810"]
[PlyCount "58"]
[EventDate "2021.07.10"]
[EventType "swiss"]
[EventRounds "9"]
[EventCountry "UKR"]
[SourceTitle "EXT 2024"]
[Source "ChessBase"]
[SourceDate "2023.10.10"]
[SourceVersion "1"]
[SourceVersionDate "2023.10.10"]
[SourceQuality "1"]

1. d4 Nf6 2. Nf3 g6 3. Bg5 Bg7 4. Bxf6 Bxf6 5. g3 b5 6. Bg2 Bb7 7. 0-0 0-0 8. c3 d6 9. Qc2 Nd7 10. Nbd2 c5 11. e3 a5 12. Ne4 Bg7 13. dxc5 dxc5 14. Rfd1 Rc8 15. Bh3 e6 16. Bg2 Rc7 17. Rd2 Qe7 18. Rad1 Nb6 19. Nd6 Bc6 20. Qb3 Bd5 21. Qxb5 Qxd6 22. e4 Qc6 23. Qe2 Bc4 24. Qe1 Rd7 25. Rxd7 Nxd7 26. b3 Ba6 27. e5 Qc7 28. Rd6 Bb7 29. Qd1 Bd5 0-1

[Event "Kiev Spring op"]
[Site "Kiev"]
[Date "2021.07.12"]
[Round "3"]
[White "Darda, Roman"]
[Black "Prochaieva, Alina"]
[Result "1/2-1/2"]
[WhiteElo "1915"]
[BlackElo "1360"]
[PlyCount "62"]
[EventDate "2021.07.10"]
[EventType "swiss"]
[EventRounds "9"]
[EventCountry "UKR"]
[SourceTitle "EXT 2024"]
[Source "ChessBase"]
[SourceDate "2023.10.10"]
[SourceVersion "1"]
[SourceVersionDate "2023.10.10"]
[SourceQuality "1"]

1. Nf3 d5 2. g3 c6 3. Bg2 Nf6 4. 0-0 Bf5 5. d3 e6 6. Nbd2 h6 7. Qe1 Be7 8. e4 dxe4 9. dxe4 Bh7 10. e5 Nd5 11. Ne4 0-0 12. Qe2 Qc7 13. c4 Nb6 14. b3 c5 15. g4 Nc6 16. Bb2 Nd7 17. Ng3 Rfd8 18. Rfd1 Nf8 19. Qe3 Nb4 20. Rxd8 Rxd8 21. Ne1 Ng6 22. f4 Nh4 23. Be4 Bxe4 24. Nxe4 b6 25. Bc3 Nc6 26. Nc2 Rd7 27. Rf1 Qd8 28. Nf2 Nd4 29. Bxd4 cxd4 30. Qd3 Qa8 31. Ne4 Qd8 1/2-1/2

[Event "Kiev Spring op"]
[Site "Kiev"]
[Date "2021.07.12"]
[Round "4"]
[White "Prochaieva, Alina"]
[Black "Dzoba, Demian"]
[Result "0-1"]
[WhiteElo "1360"]
[BlackElo "1734"]
[PlyCount "42"]
[EventDate "2021.07.10"]
[EventType "swiss"]
[EventRounds "9"]
[EventCountry "UKR"]
[SourceTitle "EXT 2024"]
[Source "ChessBase"]
[SourceDate "2023.10.10"]
[SourceVersion "1"]
[SourceVersionDate "2023.10.10"]
[SourceQuality "1"]

1. d4 Nf6 2. Nf3 e6 3. c4 d5 4. Nc3 Be7 5. Bg5 0-0 6. e3 b6 7. cxd5 exd5 8. Bd3 Bb7 9. 0-0 Ne4 10. Bxe7 Qxe7 11. Rc1 f5 12. Qb3 c6 13. Rfd1 Nd7 14. Nd2 Ndf6 15. h3 Rfe8 16. Nf3 Nxf2 17. Kxf2 Qxe3+ 18. Kf1 Ne4 19. Nxe4 fxe4 20. Be2 exf3 21. Bxf3 Ba6+ 0-1

[Event "Heraklion op 28th"]
[Site "Heraklion"]
[Date "2020.01.10"]
[Round "9"]
[White "Prochaieva, Alina"]
[Black "Fragiadakis, Emanouel"]
[Result "0-1"]
[WhiteElo "1352"]
[BlackElo "1733"]
[PlyCount "58"]
[EventDate "2020.01.03"]
[EventType "swiss"]
[EventRounds "9"]
[EventCountry "GRE"]
[SourceTitle "CBM 194 Extra"]
[Source "ChessBase"]
[SourceDate "2020.03.31"]
[SourceVersion "1"]
[SourceVersionDate "2020.03.31"]
[SourceQuality "1"]

1. Nf3 d5 2. e3 Nf6 3. b3 g6 4. Bb2 Bg7 5. d4 0-0 6. Bd3 b6 7. 0-0 Bb7 8. Nbd2 c5 9. c4 cxd4 10. exd4 Nc6 11. a3 Rc8 12. Rc1 Qd6 13. Ne5 Nd7 14. Nxc6 Bxc6 15. Nf3 Rfd8 16. Be2 dxc4 17. bxc4 Qf4 18. Bc3 Bxf3 19. gxf3 Nc5 20. d5 Bh6 21. Qc2 Qh4 22. Bd2 e6 23. Bxh6 Qxh6 24. dxe6 Nxe6 25. Rcd1 Nf4 26. Kh1 Re8 27. Bd3 Qh3 28. Rg1 Qxf3+ 29. Rg2 Qxg2# 0-1

[Event "Heraklion op 28th"]
[Site "Heraklion"]
[Date "2020.01.09"]
[Round "8"]
[White "Lirindzakis, Timotheos"]
[Black "Prochaieva, Alina"]
[Result "1/2-1/2"]
[WhiteElo "2149"]
[BlackElo "1352"]
[PlyCount "62"]
[EventDate "2020.01.03"]
[EventType "swiss"]
[EventRounds "9"]
[EventCountry "GRE"]
[SourceTitle "CBM 194 Extra"]
[Source "ChessBase"]
[SourceDate "2020.03.31"]
[SourceVersion "1"]
[SourceVersionDate "2020.03.31"]
[SourceQuality "1"]

1. Nf3 d5 2. d4 Nf6 3. c4 e6 4. Nc3 Be7 5. Bf4 a6 6. e3 0-0 7. h3 dxc4 8. Bxc4 b5 9. Be2 Bb7 10. a3 c5 11. 0-0 c4 12. Ne5 Nbd7 13. Bf3 Nd5 14. Bxd5 exd5 15. Qc2 Nxe5 16. Bxe5 Bd6 17. Bxd6 Qxd6 18. Rad1 Rae8 19. Rfe1 Qc6 20. e4 Qg6 21. f3 Re7 22. Re2 Rfe8 23. Rde1 Bc6 24. Qd2 dxe4 25. d5 Bd7 26. d6 e3 27. Qd4 Re6 28. Rd1 Bc6 29. Nd5 Bxd5 30. Qxd5 Rd8 31. d7 Qf6 1/2-1/2